Central Library OPAC University of Rajshahi

The mediaeval world / (Record no. 18306)

MARC details
000 -LEADER
fixed length control field 01145nam a2200337 4500
001 - CONTROL NUMBER
control field 18306
003 - CONTROL NUMBER IDENTIFIER
rucl marc code BD-RjUL
005 - DATE AND TIME OF LATEST TRANSACTION
control field 20211209000251.0
008 - FIXED-LENGTH DATA ELEMENTS--GENERAL INFORMATION
fixed length control field 140220m1972enkb b 001 0 eng
020 ## - INTERNATIONAL STANDARD BOOK NUMBER
International Standard Book Number 0490002404 (v. 1)
International Standard Book Number 9780490002401 (v. 1)
035 ## - SYSTEM CONTROL NUMBER
System control number (OCoLC)ocm00572498
System control number (OCoLC)572498
System control number (NNC)561802
040 ## - CATALOGING SOURCE
Original cataloging agency DLC
Language of cataloging eng
Transcribing agency DLC
Modifying agency NLGGC
-- CUD
-- CRU
-- IMM
-- LVB
-- ZWZ
-- UKMGB
-- OCLCO
041 ## - LANGUAGE CODE
Language code of text/sound track or separate title eng
082 00 - DEWEY DECIMAL CLASSIFICATION NUMBER
Classification number 809
084 ## - OTHER CLASSIFICATION NUMBER
Classification number 17.76
Number source bcl
245 00 - TITLE STATEMENT
Title The mediaeval world /
Statement of responsibility, etc. general editors David Daiches, Anthony Thorlby.
260 ## - PUBLICATION, DISTRIBUTION, ETC. (IMPRINT)
Place of publication, distribution, etc. London :
Name of publisher, distributor, etc. Aldus,
Date of publication, distribution, etc. 1973.
300 ## - PHYSICAL DESCRIPTION
Pagination 725 p. :
Illustrations ill, ;
Size 26 cm.
490 ## - SERIES STATEMENT
Series statement Literature and western civilization .
504 ## - BIBLIOGRAPHY, ETC. NOTE
Bibliography, etc Includes bibliographies.
505 0# - FORMATTED CONTENTS NOTE
Formatted contents note The classical world--The mediaeval world--The old world: discovery and rebirth--The modern world I: hopes--The modern world II: realities.
650 #0 - SUBJECT ADDED ENTRY--TOPICAL TERM
Topical term or geographic name as entry element Literature
General subdivision History and criticism.
9 (RLIN) 56351
700 1# - ADDED ENTRY--PERSONAL NAME
Personal name Daiches, David,
Dates associated with a name 1912-2005,
Relator term editor.
Personal name Thorlby, Anthony,
Relator term editor.
942 ## - ADDED ENTRY ELEMENTS (KOHA)
Source of classification or shelving scheme Dewey Decimal Classification
Koha item type Books
Holdings
Lost status Source of classification or shelving scheme Damaged status Not for loan Collection code Permanent Location Current Location Shelving location Date acquired Source of acquisition Cost, normal purchase price Total Checkouts Full call number Date last seen Copy number Koha item type
  Dewey Decimal Classification   Not For Loan Fiction Central Library, University of Rajshahi Central Library, University of Rajshahi   07/05/1979 W.HEFFER AND SONS 9.50   809 MED 1973 20/02/2014 C-1 Books